| 000 | 00630nam a22001697a 4500 | ||
|---|---|---|---|
| 010 | _a1718CH-EN | ||
| 020 |
_a9788184990904 _c350.00 |
||
| 035 | _aB-673712-737 | ||
| 037 |
_aDPL _bBSB |
||
| 082 | _aS | ||
| 245 |
_aDazzling: _bfairy tales omnibus / |
||
| 260 |
_aMumbai _bShree Book Centre _c2016 (repr) |
||
| 270 |
_a8, Kakad Industrial Estate, S Keer Marg, Off. L.J. Road, _bMumbai _e400016 |
||
| 300 |
_a388p. _bill. _c23cm(pbk) |
||
| 942 |
_2ddc _cCH _mDAZ _hS |
||
| 999 |
_c141363 _d141363 |
||